United States' Biggest Employers - Statistics

General Stats
  • This quiz has been taken 78 times
  • The average score is 3 of 7
Answer Stats
# of Employees Company % Correct
2,200,000 Walmart
90%
420,000 McDonalds
59%
347,000 Target
46%
400,000 Kroger
19%
371,000 Home Depot
18%
412,775 IBM
18%
336,150 UPS
10%
No matching quizzes found
Score Distribution
Percent of People with Each Score
Percentile by Number Answered
Your Score History
You have not taken this quiz